Playhouse Disney/Disney Junior Characters- Letter C - Statistics

General Stats
  • This quiz has been taken 9 times
  • The average score is 7 of 12
Answer Stats
Picture Answer % Correct
Captain Hook
83%
Catboy
67%
Cedric
67%
Charlie
67%
Chilli
67%
Chilly
67%
Captain Barnacles
50%
Captain Feathersword
50%
Carabelle
50%
Clover
50%
Cubby
50%
Cobby Hugglemonster
33%
No matching quizzes found
Score Distribution
Percent of People with Each Score
Percentile by Number Answered
Your Score History
You have not taken this quiz